| 000 | 00663nam a2200229Ia 4500 | ||
|---|---|---|---|
| 003 | OSt | ||
| 005 | 20220928133132.0 | ||
| 006 | a|||||r|||| 00| 0 | ||
| 007 | ta | ||
| 008 | 220927b |||||||| |||| 00| 0 eng d | ||
| 024 | _a37970 | ||
| 037 | _cReference Collections | ||
| 040 |
_aSDCL _cSDCL _beng |
||
| 041 |
_2eng _aeng |
||
| 082 | _aX:8Fg, L6 RR | ||
| 100 |
_aEdwards James Don _9424683 |
||
| 245 | 0 | _aModern Accountant's handbook. | |
| 260 |
_aHomewood _bDow Jones-Irwin _c1976 |
||
| 700 |
_a Black Homer A _9484545 |
||
| 942 |
_hX:8Fg, L6 RR _cREF _2CC |
||
| 999 |
_c797999 _d797999 |
||